• 首页
  • 本馆介绍
  • 公告通知
  • 最新文献
  • 馆藏检索
  • 电子资源
  • 读者荐购
  • 参考咨询
  • CALIS
  • 我的图书馆
  • 登录
  • 详细信息显示
  • 放入我的书架
  • 预约/预借图书
  • 作者相关作品
  • 分类相关作品
  • 丛书相关作品
  • 出版社相关作品

书目信息

  • 表格格式
  • 工作单格式
  • 卡片格式
题名:
漂泊的屋顶
    
 
作者: 彭程 著
分册:  
出版信息: 广州   广东人民出版社  2001.07
页数: 325页, [1] 叶图版
开本: 21cm
丛书名: 三声文丛
单 册:
中图分类: I267.1
科图分类:
主题词: 散文--san wen--中国--当代--作品集
电子资源:
ISBN: 7-218-03644-9
 
 
 
 
 
000 00907nam 2200253 450
001 012008380886
005 20080424193412.04
010    @a7-218-03644-9@dCNY24.00
100    @a20080424d2001 km y0chiy0120 ea
101 0  @achi
102    @aCN@b440000
105    @aaf z 000cy
106    @ar
200 1  @a漂泊的屋顶@Apiao bo de wu ding@f彭程著@Fpeng cheng zhu
210    @a广州@c广东人民出版社@d2001.07
215    @a325页, [1] 叶图版@c图@d21cm
225 2  @a三声文丛@Asan sheng wen cong
330    @a本丛书以“新文人”的读书随笔和思想学术随笔为主。这些随笔,是对“风声、雨声、读书声”的摹写,是他们对历史和文化若干主题进行深思的记录。本书收集了青年学者彭程近八十篇近期的读书笔记与思辨随笔。
410  0 @12001 @a三声文丛
606 0  @a散文@Asan wen@y中国@z当代@j作品集
690    @aI267.1@v4
701  0 @a彭程@Apeng cheng@4著
801  0 @aCN@bQSSK@c20080424
905    @b20704149-51@dI267.1@eP452@f3
    
    漂泊的屋顶/彭程著.-广州:广东人民出版社,2001.07
    325页, [1] 叶图版:图;21cm.-(三声文丛)
    
    
    ISBN 7-218-03644-9:CNY24.00
    本丛书以“新文人”的读书随笔和思想学术随笔为主。这些随笔,是对“风声、雨声、读书声”的摹写,是他们对历史和文化若干主题进行深思的记录。本书收集了青年学者彭程近八十篇近期的读书笔记与思辨随笔。
●
相关链接 在E读中查询图书 在当当中查询图书 在豆瓣中查询图书


正题名:漂泊的屋顶     索取号:I267.1/P452         预约/预借

序号 登录号 条形码 馆藏地/架位号 状态 备注
1 704149   207041495   文学库116/116文学库 10排4列4层/ [索取号:I267.1/P452] 在馆    
2 704150   207041501   社科二线422/422社科库 30排4列1层/ [索取号:I267.1/P452] 在馆    
3 704151   207041510   文学库116/116文学库 10排4列4层/ [索取号:I267.1/P452] 在馆    
河南城建学院图书馆 欢迎您!
大连网信软件有限公司© 版权所有